000 01050nam a2200265 a 4500
001 16055
003 BD-RjUL
005 20211208235937.0
008 140211s1911 enk 001 0 eng d
035 _a(BD-RjUL)16110
040 _aBD-RjUL
_beng
_cBD-RjUL
041 1 _aeng
_hfre
082 _a128.3
_bBEM 1911
100 1 _aBergson, Henri,
_d1859-1941.
_949703
245 1 0 _aMatter and memory /
_cby Henri Bergson ; authorized translation by Nancy Margaret Paul and W. Scott Palmer
260 _aLondon :
_bSwan Sonnenschein,
_aNew York :
_bMacmillan,
_c1911 [impression 1962]
300 _axx, 339 p. :
_bill. ;
_c24 cm.
500 _aThis translation of Monsieur Bergson's Matière et Mémoire has been made from the 5th ed. of 1908, and has had the great advantage of being revised in proof by the author. The marginal notes are peculiar to the English ed.
504 _aIncludes Index.
650 0 _aMemory
_97165
650 0 _aMatter
_9168462
830 0 _aLibrary of philosophy
_9168463
942 _2ddc
_cBK
999 _c16055
_d16055